Statystyki dla Kraje najbliższe Bangladeszowi - Jedna Minuta Sprint

Kliknij tutaj aby rozwiązać quiz!

Ogólne statystyki

  • Ten quiz został rozwiązany 108 razy
  • Średni wynik to 14 z 20

Statystyki odpowiedzi

kmkraj% Poprawnych
0Indie
97%
94Chiny
95%
579Tajlandia
87%
1407Pakistan
86%
780Laos
84%
0Mjanma
83%
985Wietnam
83%
43Bhutan
81%
22Nepal
78%
1330Kambodża
73%
1719Indonezja
63%
1628Sri Lanka
62%
1741Afganistan
60%
1779Malezja
58%
1725Tadżykistan
53%
1871Kirgistan
50%
1932Mongolia
48%
2266Turkmenistan
48%
2111Uzbekistan
42%
1888Kazachstan
41%

Rozkład punktacji

Percentyl według liczby udzielonych odpowiedzi

Procent ludzi z każdym wynikiem

Twoja historia wyników

Nie rozwiązałeś tego quizu